| 000 | nam a22 7a 4500 | ||
|---|---|---|---|
| 999 |
_c27330 _d27330 |
||
| 008 | 170208b xxu||||| |||| 00| 0 eng d | ||
| 050 | _aKF879 .C46 2012 | ||
| 100 | _aChomsky,Carol L. | ||
| 245 |
_aSelected commercial statutes, for secured transactions courses: _b2015 edition/ _cCarol L. Chomsky |
||
| 260 |
_aSt. Paul,MN : _bWest Academic Publishing , _cc 2015. |
||
| 300 |
_avii,1313p. : _c27cm. |
||
| 942 |
_2lcc _cBOOKS _hKF879 .C46 2012 |
||